Statistiques concernant Culture Générale - Série 358

Cliquez ici pour prendre le quiz!

Statistiques générales

  • Ce quiz a été pris 223 fois
  • Le résultat moyen est 8 sur 10

Statistiques - réponses

QuestionRéponse% Correct
A quel personnage de l'Antiquité compare-t-on quelqu'un de riche ?Crésus
94%
Quelle est la suite de la phrase de Mac-Mahon commençant par "J'y suis" ? !J'y reste
92%
Quel mode de cuisson consiste à placer un récipient dans de l'eau chaude ?Le bain-marie
90%
Sur quelle île vivent plus de 400 000 Maoris ?La Nouvelle-Zélande
80%
Quel mot italien désigne le fait de vouloir rester anonyme ?Incognito
73%
Quel duo comique anime le "Service après-vente des émissions" ?Omar et Fred
72%
Dans quel sport l'Américain Andy Roddick s'illustre-t-il ?Le tennis
70%
Quel compositeur Lorànt Deutsch et Tom Hulce ont-ils incarné ?Mozart
70%
Dans le roman de la comtesse de Ségur, quel est le grade de Dourakine ?Général
61%
Dans quel pays se situe actuellement la Dalmatie ?La Croatie
59%

Distribution des résultats

Percentile par nombre de réponses

% des personnes avec chaque résultat

Votre développement - résultats

Vous n’avez pas pris ce quiz